000 00800nam a2200241 u 4500
005 20240831063741.0
008 111107s2006 es r 000 0 spa d
020 _a8420551708 (10 dígitos)
020 _a9788420551708 (13 dígitos)
035 _aUPN01000182435
049 _aI
050 4 _aPZ74.9
_bV5.28
100 1 _aVillar Liébana, Luisa
_931918
245 1 3 _aEl burrito tragacuentos /
_cLuisa Villar Liébana ; il. Cristina Minguillón.
260 _aMadrid :
_bPearson/Alhambra,
_cc2006.
300 _a47 p. :
_bprincipalmente il. col.
440 0 _aPearson educación.
_v43.
_pA partir de 6 años
650 4 _aCuentos infantiles españoles
_97725
650 0 _aAmistad en la literatura
_910763
700 1 _aMinguillón, Cristina,
_eil.
905 _aInfantil
999 _c154538
_d154538